| Tag |
First Indicator |
Second Indicator |
Subfields |
| LEADER |
00000nam a2200000 i 4500 |
| 001 |
in00004582521 |
| 003 |
OCoLC |
| 005 |
20220524094520.1 |
| 006 |
m o d |
| 007 |
cr ||||||||||| |
| 008 |
210906s2022 cau gob 000 0 eng d |
| 024 |
8 |
|
|a 40031140547
|
| 040 |
|
|
|a UKAHL
|b eng
|e rda
|e pn
|c UKAHL
|d TEFOD
|d OCLCO
|d OCLCF
|d OCLCO
|d OCLCQ
|
| 020 |
|
|
|a 1797215817
|q (electronic bk.)
|
| 020 |
|
|
|a 9781797215815
|q (electronic bk.)
|
| 035 |
|
|
|a (OCoLC)1289817204
|
| 037 |
|
|
|a 5526ADAC-7D4F-4E08-888B-271DAD232B0F
|b OverDrive, Inc.
|n http://www.overdrive.com
|
| 050 |
|
4 |
|a BF575.H27
|b S94 2022
|
| 082 |
0 |
4 |
|a 158
|2 23
|
| 100 |
1 |
|
|a Syfret, Wendy,
|e author.
|
| 245 |
1 |
4 |
|a The sunny nihilist :
|b a declaration of the pleasure of pointlessness /
|c Wendy Syfret.
|
| 264 |
|
1 |
|a San Francisco :
|b Chronicle Prism,
|c 2022.
|
| 300 |
|
|
|a 1 online resource.
|
| 336 |
|
|
|a text
|b txt
|2 rdacontent
|
| 337 |
|
|
|a computer
|b c
|2 rdamedia
|
| 338 |
|
|
|a online resource
|b cr
|2 rdacarrier
|
| 504 |
|
|
|a Includes bibliographical references.
|
| 650 |
|
0 |
|a Happiness.
|
| 650 |
|
0 |
|a Nihilism.
|
| 650 |
|
2 |
|a Happiness
|0 (DNLM)D006240
|
| 650 |
|
6 |
|a Bonheur.
|0 (CaQQLa)201-0004249
|
| 650 |
|
6 |
|a Nihilisme (Politique)
|0 (CaQQLa)201-0010105
|
| 650 |
|
7 |
|a Happiness.
|2 fast
|0 (OCoLC)fst00951160
|
| 650 |
|
7 |
|a Nihilism.
|2 fast
|0 (OCoLC)fst01037702
|
| 655 |
|
7 |
|a Electronic books.
|2 local
|
| 710 |
2 |
|
|a EBSCOhost
|
| 856 |
4 |
0 |
|u http://proxy.library.tamu.edu/login?url=https://search.ebscohost.com/login.aspx?direct=true&scope=site&db=nlebk&db=nlabk&AN=3037584
|z Connect to the full text of this electronic book
|t 0
|
| 945 |
|
|
|a machinegen
|b 332269
|
| 955 |
|
|
|a YBP purchased approval e-records
|
| 980 |
|
|
|b ebook
|c 40031140547
|f NONFIC/B
|g 565751
|k USD
|m 14.55
|q 1
|s AcqMono Conventional
|t Approval plan
|u Vendor order reference number
|v ZYBP
|y E-approvals
|z Electronic resource
|
| 999 |
f |
f |
|i 7ca76e9c-881d-488f-8d28-4825e2ba1737
|s 96b1d839-96d2-4bb9-bbab-324832c4547d
|t 0
|
| 952 |
f |
f |
|a Texas A&M University
|b College Station
|c Electronic Resources
|s www_evans
|d Available Online
|t 0
|e BF575.H27 S94 2022
|h Library of Congress classification
|